000 01569nac a22004091i 4500
003 EG-ScBUE
005 20240903093259.0
006 m||||fq||h 00| 0
008 090607t2007 ne f b 001 0 eng d
020 _a9780123736376
020 _a0123736374
040 _aEG-ScBUE
_beng
_erda
_cEG-ScBUE
_dEG-ScBUE
082 0 4 _a510.212
_bGRA
_222
100 1 _aGradshteyn, I. S.,
_eauthor.
_95807
245 1 0 _aTable of integrals, series, and products /
_cI.S. Gradshteyn and I.M. Ryzhik ; translated from the Russian by Scripta Technica, inc. ; edited by Alan Jeffrey, University of Newcastle Upon Tyne, England, Daniel Zwillinger, Rensselaer Polytechnic Institute, USA.
250 _aSeventh edition.
264 1 _aAmesterdam :
_bElsevier,
_c[2007]
264 4 _cc2007
300 _axlv, 1171 pages ;
_c24 cm +
_e1 CD
336 _2rdacontent
_atext
_btxt
336 _2rdacontent
_asounds
_bsnd
337 _aunmediated
_2rdamedia
_bn
337 _aaudio
_2rdamedia
_bs
338 _avolume
_bnc
_2rdacarrier
338 _acomputer disc
_bcd
_2rdacarrier
504 _aIncludes bibliographical references and index.
546 _aText in English ; translated from the original Russian.
650 7 _aMathematics
_vTables.
_2BUEsh
_941298
651 _2BUEsh
653 _cNovember2012
655 _vReading book
700 1 _aRyzhik, I. M.
_q(Iosif Moiseevich),
_eauthor.
_95809
700 1 _aJeffrey, Alan,
_eeditor.
_95810
700 1 _aZwillinger, Daniel,
_eeditor.
_95811
710 2 _aScripta Technica,
_etranslator.
_95812
942 _cBB
_2ddc
999 _c11740
_d11740